000 01195nam a2200133Ia 4500
008 220615s9999||||xx |||||||||||||| ||und||
020 _a9783040000000
245 0 _aChiral Auxiliaries and Chirogenesis II
546 _aEnglish[eng]
650 _apillar[5]arene||planar chirality||chiral resolution||racemization kinetics||supramolecular chemistry||self-induced diastereomeric anisochronism (SIDA)||enantiomeric analysis||molecular association||NMR||diffusion||molecular chirality||self-disproportionation of enantiomers (SDE)||indole||asymmetric synthesis||organocatalysis||transition-metal catalysis||C-N bond formation||enantioselective||heterocycles||porphyrinoids||multinuclear complexes||chiral ligands||circular dichroism||paramagnetic NMR||magnetochemistry||porphyrin||guanidine||host–guest binding||chirality||DFT||TD-DFT simulation||induced optical activity||stereodynamic chirality probe||exciton coupling||circularly polarized luminescence||sergeants-and-soldiers||majority-rule||polysilane||polyfluorenevinylene||polyfluorene||mirror symmetry breaking||parity violation||n/a
700 _aBorovkov, Victor
856 _uhttps://mdpi.com/books/pdfview/book/3950
942 _cEB
999 _c15553
_d15553